Science Quiz

Random Science or Elements Quiz

First 18 Elements in Order Quiz Stats

 Plays Quiz Updated Mar 30, 2020

     
Support Sporcle.
Go Orange.
Score 0/18 Timer 05:00
48 Plays Today
% Correct
???
99.7%
???
95.3%
???
80.1%
???
69.5%
???
63.9%
???
61.6%
???
54.7%
???
54%
???
46.4%
% Correct
???
41.4%
???
36.8%
???
34.2%
???
30.6%
???
26.2%
???
23.5%
???
22.6%
???
22.4%
???
22.4%

From the Vault

Mini Profiles: 20 European Cities

by wiggytitch

Geography 15m
Mini profiles but with that big city feel.
Remove Ads.
Support Sporcle.
Get the best of Sporcle when you Go Orange. This ad-free experience offers more features, more stats, and more fun while also helping to support Sporcle. Thank you for becoming a member.

Show Comments

Extras

Top Quizzes Today


Score Distribution

Your Account Isn't Verified!

In order to create a playlist on Sporcle, you need to verify the email address you used during registration. Go to your Sporcle Settings to finish the process.

Report this User

Report this user for behavior that violates our Community Guidelines.

Details: